Humans of Covid To Hell and Back (Record no. 12454)
[ view plain ]
| 000 -LEADER | |
|---|---|
| fixed length control field | 00271nam a22000977a 4500 |
| 008 - FIXED-LENGTH DATA ELEMENTS--GENERAL INFORMATION | |
| fixed length control field | 231013b |||||||| |||| 00| 0 eng d |
| 020 ## - INTERNATIONAL STANDARD BOOK NUMBER | |
| International Standard Book Number | 9789391165574 |
| 100 ## - MAIN ENTRY--PERSONAL NAME | |
| Personal name | Dutt Barkha |
| 9 (RLIN) | 7720 |
| 245 ## - TITLE STATEMENT | |
| Title | Humans of Covid To Hell and Back |
| 260 ## - PUBLICATION, DISTRIBUTION, ETC. (IMPRINT) | |
| Place of publication, distribution, etc. | New Delhi |
| Name of publisher, distributor, etc. | Juggernaut Books |
| Date of publication, distribution, etc. | 2022 |
| Withdrawn status | Lost status | Source of classification or shelving scheme | Damaged status | Koha normalized classification for sorting | Not for loan | Home library | Current library | Date acquired | Total Checkouts | Full call number | Barcode | Date last seen | Price effective from | Koha item type |
|---|---|---|---|---|---|---|---|---|---|---|---|---|---|---|
| Dewey Decimal Classification | DUT_362_000000000000000 | Good Samaritan School Library | Good Samaritan School Library | 10/13/2023 | DUT362 | DUT17659 | 10/13/2023 | 10/13/2023 | BOOK |